[Event "TUR Cup"]
[Site "Antalya"]
[Date "2017.02.02"]
[Round "8"]
[White "Orken, Burak Can"]
[Black "Albay, Koraycan"]
[Result "0-1"]
[WhiteElo "1943"]
[BlackElo "1718"]
[PlyCount "68"]
[EventDate "2017.01.28"]
[EventType "swiss"]
[EventRounds "11"]
[EventCountry "TUR"]
[SourceTitle "CBM 176 Extra"]
[Source "ChessBase"]
[SourceDate "2017.03.02"]
[SourceVersion "1"]
[SourceVersionDate "2017.03.02"]
[SourceQuality "1"]

1. c4 Nf6 2. Nc3 c5 3. Nf3 b6 4. g3 Bb7 5. Bg2 e6 6. 0-0 Nc6 7. d4 cxd4 8. Nxd4 Bc5 9. Ndb5 0-0 10. Bf4 Na5 11. Bd6 Bxg2 12. Kxg2 Nxc4 13. Bxf8 Qxf8 14. b3 Ne5 15. Rc1 g5 16. Na4 Be7 17. h3 d5 18. Nd4 Ng6 19. Nc3 Qh6 20. e4 dxe4 21. Qe2 Bc5 22. Rcd1 Kh8 23. Rh1 Nf4+ 24. gxf4 gxf4 25. Nxe4 Qg6+ 26. Kh2 Qxe4 27. Qb2 f3 28. Rhg1 Bd6+ 29. Rg3 Bxg3+ 30. fxg3 Rc8 31. Rd2 e5 32. Nb5 Qe1 33. Nc3 Rxc3 34. Qxc3 f2 0-1